| 000 | 00487nam a22001697a 4500 | ||
|---|---|---|---|
| 005 | 20240321101920.0 | ||
| 008 | 240321b |||||||| |||| 00| 0 eng d | ||
| 020 | _a9789352869169 | ||
| 082 |
_a006.312 _bCHE-P |
||
| 100 | _aChen, Daniel y. | ||
| 245 |
_aPandas for everyone : _bPython data analysis / _cDaniel Y.Chen |
||
| 260 |
_aindia: _bpearson; _c2018. |
||
| 300 |
_axvi, 376 p. : _bill; _c23 cm. |
||
| 500 | _ainclude index. | ||
| 650 | _acomputer science/programming | ||
| 999 |
_c35410 _d35410 |
||